Chefs du Parti québécois - Statistiques

Statistiques générales
  • Ce quiz a été pris 19 fois
  • Le résultat moyen est 8 sur 10
Statistiques - réponses
Hint Réponse % Correct
2007-2014 Pauline Marois
100%
2020- Aujourd'hui Paul St-Pierre Plamondon
100%
1968-1985 René Lévesque
100%
1988-1996 Jacques Parizeau
85%
1996-2001 Lucien Bouchard
85%
2016-2018 Jean-François Lisée
77%
2005-2007 André Boisclair
69%
2001-2005 Bernard Landry
69%
1985-1987 Pierre Marc Johnson
69%
2015-2016 Pierre Karl Péladeau
62%
Aucun quiz correspondant
Distribution des résultats
% des personnes avec chaque résultat
Percentile par nombre de réponses
Votre historique - résultats
Vous n’avez pas pris ce quiz